• 首页
  • 本馆介绍
  • 公告通知
  • 最新文献
  • 馆藏检索
  • 电子资源
  • 读者导购
  • 参考咨询
  • 我的图书馆
  • 登录
  • 详细信息显示
  • 放入我的书架
  • 预约/预借图书
  • 作者相关作品
  • 分类相关作品
  • 丛书相关作品
  • 出版社相关作品

书目信息

  • 表格格式
  • 工作单格式
  • 卡片格式
题名:
三一二经络锻炼法防治高血压 冠心病 糖尿病
    
 
作者: 刘桂华 编著
分册:  
出版信息: 北京   北京体育大学出版社  2005
页数: 114页
开本: 20cm
丛书名: 祝总骧三一二经络锻炼法系列丛书
单 册:
中图分类: R245.9
科图分类:
主题词: 冠心病--穴位疗法 , 糖尿病--穴位疗法 , 高血压--穴位疗法 , 冠心病 , 糖尿病 , 高血压
电子资源:
ISBN: 7-81100-401-1
000 01173oam2 2200313 450
001 010060009418
005 20061107102937.00
010    @a7-81100-401-1@dCNY12.00
100    @a20051117d2005 em y0chiy0110 ea
101 0  @achi
102    @aCN@b110000
105    @aaf z 000yy
200 1  @a三一二经络锻炼法防治高血压 冠心病 糖尿病@9san yi er jing luo duan lian fa fang zhi gao xue ya guan xin bing tang niao bing@f刘桂华编著
210    @a北京@c北京体育大学出版社@d2005
215    @a114页@c图,图版(8页)@d20cm
225 2  @a祝总骧三一二经络锻炼法系列丛书
330    @a本书通过三一二经络锻炼法的实践,有效地防治高血压、冠心病、糖尿病,并针对典型病历作了较详细的叙述,有一定的指导意义。
461  0 @12001 @a祝总骧三一二经络锻炼法系列丛书
512 1  @a312经络锻炼法防治高血压 冠心病 糖尿病@9312 jing luo duan lian fa fang zhi gao xue ya guan xin bing tang niao bing
606 0  @a冠心病@x穴位疗法
606 0  @a糖尿病@x穴位疗法
606 0  @a高血压@x穴位疗法
606 0  @a冠心病
606 0  @a糖尿病
606 0  @a高血压
690    @aR245.9@v4
701  0 @a刘桂华@9liu gui hua@4编著
801  0 @aCN@bRENTIAN@c20061107
905    @a10447@dR245.9@e183
    
    三一二经络锻炼法防治高血压 冠心病 糖尿病/刘桂华编著.-北京:北京体育大学出版社,2005
    114页:图,图版(8页);20cm.-(祝总骧三一二经络锻炼法系列丛书)
    
    
    ISBN 7-81100-401-1:CNY12.00
    本书通过三一二经络锻炼法的实践,有效地防治高血压、冠心病、糖尿病,并针对典型病历作了较详细的叙述,有一定的指导意义。
●
相关链接 在E读中查询图书 在五车中查询图书 在当当中查询图书 在豆瓣中查询图书


正题名:三一二经络锻炼法防治高血压 冠心病 糖尿病     索取号:R245.9/183         预约/预借

序号 登录号 条形码 馆藏地/架位号 状态 备注
1 0382346   203823461   第二样本阅览室/ [索取号:R245.9/183] 在馆    
2 0382347   203823470   第三借阅区/ [索取号:R245.9/183] 在馆    
3 0382348   203823489   第三借阅区/ [索取号:R245.9/183] 在馆    
4 0382349   203823498   第三借阅区/ [索取号:R245.9/183] 在馆    
5 0382350   203823504   第三借阅区/ [索取号:R245.9/183] 在馆    
唐山师范学院图书馆 欢迎您!
大连网信软件有限公司© 版权所有